000 00706nam a2200205Ia 4500
001 8839
003 GE_BSU
008 181216s||||||||xx |||||||||||||| ||und||
040 _cGE_BSU
080 _a821.353.1–1
100 _aკალაძე,კარლო
245 _aრჩეული ლექსები და პოემები ორ ტომად
245 _bტ.1
245 _cრედ.ალ.გომიაშვილი;მხატვ.ირ. ჯანაშვილი
260 _aთბილისი
260 _bსაბჭოთა საქართველო
260 _c1968
300 _a406გვ.22სმ.ილ.1ფ.პორტრ.
942 _cBK
999 _c42146
_d42146